000 00601nam a2200241Ia 4500
003 OSt
005 20221005124436.0
006 a|||||r|||| 00| 0
007 ta
008 221004b |||||||| |||| 00| 0 eng d
024 _a57127
037 _cTextual
040 _aCRL
_cCRL
_beng
041 _2eng
_aeng
082 _aV2:1:N3, G04
100 _aOsburn Arthur
_9635248
245 0 _aMust England lose India
_b The nemesis of empire
250 _a3rd
260 _c1930
650 _aHISTORY
942 _hV2:1:N3, G04
_cTEXL
_2cc
999 _c1050505
_d1050505